LEADER 00940nam0 2200265 450 001 000014286 005 20080714115734.0 100 $a20080714d1980----km-y0itay50------ba 101 0 $aita 102 $aIT 105 $ay-------001yy 200 1 $a<>sistema valutario dei paesi socialisti$fSergio Bortolani 210 $aMilano$cGiuffrè$d1980 215 $aXXIV, 225 p.$d24 cm 225 2 $aUniversità L. Bocconi, Dipartimento di economia aziendale$iEconomia e politica delle aziende di credito$v8 410 0$12001$aUniversità L. Bocconi, Dipartimento di economia aziendale 610 1 $aValute$aPaesi socialisti 676 $a332.4$v18$9Moneta 676 $a332.042$v19$9Finanza internazionale 700 1$aBortolani,$bSergio$0111817 801 0$aIT$bUNIPARTHENOPE$c20080714$gRICA$2UNIMARC 912 $a000014286 951 $a052/66$b5661$cNAVA2 996 $aSistema valutario dei paesi socialisti$9493956 997 $aUNIPARTHENOPE